| Tag |
First Indicator |
Second Indicator |
Subfields |
| LEADER |
00000cam a2200000 i 4500 |
| 001 |
in00004436088 |
| 005 |
20210422112234.0 |
| 006 |
m o d |
| 007 |
cr ||||||||||| |
| 008 |
191217s2020 nyua ob 001 0 eng |
| 010 |
|
|
|a 2019056690
|
| 020 |
|
|
|a 9780231551328
|q electronic book
|
| 020 |
|
|
|a 0231551320
|q electronic book
|
| 020 |
|
|
|z 9780231195423
|q hardcover
|
| 028 |
0 |
2 |
|a EB00792726
|b Recorded Books
|
| 035 |
|
|
|a (DLC)jstorjstor (organization)
|
| 040 |
|
|
|a NhCcYBP
|c NhCcYBP
|d UtOrBLW
|
| 042 |
|
|
|a pcc
|
| 050 |
|
4 |
|a PL967.3
|b .P37 2020
|
| 082 |
0 |
0 |
|a 895.7/002
|2 23
|
| 100 |
1 |
|
|a Park, Si Nae,
|d 1979-
|e author.
|0 http://id.loc.gov/authorities/names/n2019072859
|
| 245 |
1 |
4 |
|a The Korean vernacular story :
|b telling tales of contemporary Chosŏn in sinographic writing /
|c Si Nae Park.
|
| 264 |
|
1 |
|a New York :
|b Columbia University Press,
|c [2020]
|
| 300 |
|
|
|a 1 online resource.
|
| 336 |
|
|
|a text
|b txt
|2 rdacontent
|
| 337 |
|
|
|a computer
|b c
|2 rdamedia
|
| 338 |
|
|
|a online resource
|b cr
|2 rdacarrier
|
| 500 |
|
|
|a "A Center For Korean Research Book"
|
| 504 |
|
|
|a Includes bibliographical references and index.
|
| 505 |
0 |
|
|a Introduction -- 1. The Compiler: A Marginalized Yangban at the Center of the Chosŏn Cultural Scene -- 2. The Narrative World: A Window Into the Zeitgeist of Contemporary Chosŏn at Large -- 3. The Language: Articulating in the Language of the Here and Now -- 4. The Text in Motion: The Circulation of the Tongp'ae naksong and the Rise of Yadam in Chosŏn Manuscript Context -- Coda -- Appendix A: Biography of No, the Clumsy Old Man -- Appendix B: The Story of a Slave Girl from Chirye -- Appendix C: Surviving Manuscripts of the Tongp'ae naksong -- Notes -- Bibliography -- Index.
|
| 588 |
|
|
|a Description based on online resource; title from digital title page (viewed on August 03, 2020).
|
| 500 |
|
|
|a Electronic resource.
|
| 650 |
|
0 |
|a Korean prose literature
|y 19th century
|x History and criticism.
|
| 648 |
|
7 |
|a 1800-1899
|2 fast
|
| 655 |
|
7 |
|a Electronic books.
|2 local
|
| 776 |
1 |
8 |
|i Print version:
|a Park, Si Nae, 1979-
|t The Korean vernacular story
|d New York : Columbia University Press, 2020.
|z 9780231195423
|w (DLC) 2019056689
|
| 856 |
4 |
0 |
|u http://proxy.library.tamu.edu/login?url=https://www.jstor.org/stable/10.7312/park19542
|z Connect to the full text of this electronic book
|t 0
|
| 955 |
|
|
|a JSTOR DDA record
|
| 999 |
f |
f |
|s dbb923f4-9179-35f8-9f24-c89bef233610
|i a7cf3ca7-c5b8-30ec-9be7-3824399b4863
|t 0
|
| 952 |
f |
f |
|a Texas A&M University
|b College Station
|c Electronic Resources
|d Available Online
|t 0
|e PL967.3 .P37 2020
|h Library of Congress classification
|
| 998 |
f |
f |
|a PL967.3 .P37 2020
|t 0
|l Available Online
|